Strategies that work: teaching comprehension to enhance understanding

Guardat en:
Dades bibliogràfiques
Autors principals: Harvey, Stephanie (Autor), Goudvis, Anne (Autor)
Format: Llibre
Idioma:anglès
Publicat: Portland Stenhouse 2000
Matèries:
Etiquetes: Afegir etiqueta
Sense etiquetes, Sigues el primer a etiquetar aquest registre!

MARC

LEADER 00000nam a2200000 a 4500
001 UCL5827
003 CL-VaPUC
008 040319e20000000US |||||||||||||||||eng|d
020 |a 1571103104 
082 0 4 |a 372.47  |b HAR  |2 21 
100 0 |a Harvey, Stephanie  |e author  |9 483517 
700 0 |a Goudvis, Anne  |e author  |9 483518 
245 1 0 |a Strategies that work: teaching comprehension to enhance understanding 
300 |a 322 p 
942 |c BK 
945 |d 20040319 00:00:00  |a cmena 
260 |a Portland  |b Stenhouse  |c 2000 
650 0 |a Comprensión de lectura  |9 307588 
650 0 |a Educación básica   |9 224933 
650 0 |a Educación lingüística  |9 306506 
650 0 |a Métodos de enseñanza  |9 270413 
650 0 |a Psicolingüística   |9 283371 
583 |a last modification  |c 20040319 00:00:00  |k Rodrigo Vera 
999 |c 308212  |d 308210 
952 |0 0  |1 0  |4 0  |6 372_470000000000000_HAR_2000  |7 0  |8 A  |9 374544  |a FDOPOS  |b FDOPOS  |d 2019-11-21  |i 3988481  |o 372.47 HAR 2000  |p 3988481  |r 2025-01-22  |w 2019-11-21  |y BK  |k MLA